Estadísticas para Prueba de Santo Tomé y Príncipe

Haz click aquí para tomar la prueba!

Estadísticas generales

  • Esta prueba ha sido tomada 169 veces
  • La puntuación promedio es 9 de 13

Estadísticas de respuestas

PistaRespuesta% Correcto
Idioma oficialPortugués
95%
Golfo en el que se encuentra Santo Tomé y PríncipeGolfo de {Guinea}
91%
CapitalSanto Tomé
89%
País del continente africano situado al este de la isla principalGabón
86%
Nombre de Santo Tomé y Príncipe en ese idioma{São} Tomé y Príncipe
83%
Población de Santo Tomé y Príncipe en el año 14000
81%
El único país africano que es más pequeño que Santo Tomé y PríncipeSeychelles
81%
Práctica que fue legalmente abolida en 1876, pero que continuó persistiendo durante décadas despuésEsclavitud
80%
Término para las personas de origen mixto europeo y africano que
constituyen la mayor parte de la población (comienza con M)
Mestiço
75%
El grano que constituye cerca de la mitad de las exportaciones del paísCacao
56%
La segunda ciudad más pobladaPrincipe
47%
Pájaro zancuda en peligro crítico, el más pequeño de su tipo en el mundo (comienza con I){Ibis} de Santo Tomé
32%
MonedaDobra
28%

Distribución de puntuación

Porcentaje por número respondido

Porcentaje de gente con cada puntuación

Historial de tus puntuaciones

No has tomado esta prueba